Mahatma Gandhi: (Record no. 212479)

MARC details
000 -LEADER
fixed length control field 00585nam a22001817a 4500
005 - DATE AND TIME OF LATEST TRANSACTION
control field 20250723111556.0
010 ## - LCCN (DPL NO)
LC control number ENG-146075
020 ## - INTERNATIONAL STANDARD BOOK NUMBER
Terms of availability 150.00
035 ## - SYSTEM CONTROL NUMBER
System control number EN-129607
037 ## - SOURCE OF ACQUISITION
Source of stock number/acquisition DBAD
082 ## - DEWEY DECIMAL CLASSIFICATION NUMBER
Classification number 301.154
Edition number 1
245 ## - TITLE STATEMENT
Title Mahatma Gandhi:
Statement of responsibility, etc Transalated By Anandaprasad Roy
Remainder of title In Quest of Communal Harmony/
260 ## - PUBLICATION, DISTRIBUTION, ETC. (IMPRINT)
Place of publication, distribution, etc Kolkata
Name of publisher, distributor, etc Sahityika
Date of publication, distribution, etc 2021
270 ## - ADDRESS
Address Ananda Niketan 202/2, Shri Ramkrishna Sarani New Barrackpore
City Kolkata
Postal code 700131
300 ## - PHYSICAL DESCRIPTION
Extent 196p.
Dimensions 22cm(pb)
700 ## - ADDED ENTRY--PERSONAL NAME
Personal name Roy, Anandaprasad
Relator term Translator
9 (RLIN) 83163
942 ## - ADDED ENTRY ELEMENTS (KOHA)
Source of classification or shelving scheme Dewey Decimal Classification
Item type English Books
Call number suffix MAH
Classification part 301.154
Holdings
Withdrawn status Lost status Not for loan Collection code Home library Current library Date acquired Source of acquisition Cost, normal purchase price Full call number Barcode Copy number Cost, replacement price Koha item type
    Not For Loan Non-fiction D.B.Act.Division D.B.Act.Division 23/07/2025 Delivery of Books Act Division 150.00 MAH 301.154 EN-129607 1 150.00 English Books

© Delhi Public Library
Hit Counter
free hit counter